[Event "American World Cup Q Prelim"]
[Site "Tornelo INT"]
[Date "2021.05.08"]
[Round "3"]
[White "Ly Fook, Nicholas"]
[Black "Brambilla, Renee Blandy T"]
[Result "1/2-1/2"]
[WhiteElo "1223"]
[BlackElo "1671"]
[PlyCount "37"]
[EventDate "2021.05.08"]
[EventType "swiss (rapid)"]
[EventRounds "9"]
[EventCountry "USA"]
[SourceTitle "CBM 202 Extra"]
[Source "ChessBase"]
[SourceDate "2021.07.31"]
[SourceVersion "1"]
[SourceVersionDate "2021.07.31"]
[SourceQuality "1"]

1. e4 c5 2. Nf3 Nc6 3. Bb5 e6 4. 0-0 Nge7 5. Re1 a6 6. Bf1 Ng6 7. c3 Be7 8. d4 cxd4 9. cxd4 0-0 10. d5 Nce5 11. Nxe5 Nxe5 12. d6 Bf6 13. a4 Qb6 14. Na3 Nc6 15. Nc4 Qd4 16. Qh5 g6 17. Qf3 Ne5 18. Qxf6 Ng4 19. Qxd4 1/2-1/2

[Event "Central America Carribean-ch U20"]
[Site "Couva"]
[Date "2019.12.17"]
[Round "7"]
[White "Johnson, Gabriella"]
[Black "Ly Fook, Nicholas"]
[Result "1-0"]
[WhiteElo "1851"]
[BlackElo "1335"]
[PlyCount "101"]
[EventDate "2019.12.13"]
[EventType "swiss"]
[EventRounds "9"]
[EventCountry "TRI"]
[SourceTitle "CBM 193 Extra"]
[Source "ChessBase"]
[SourceDate "2020.01.31"]
[SourceVersion "1"]
[SourceVersionDate "2020.01.31"]
[SourceQuality "1"]

1. e4 e5 2. Nf3 Nf6 3. Nc3 Bc5 4. a3 Ng4 5. d4 exd4 6. Na4 d6 7. b4 Bd7 8. Nxc5 dxc5 9. bxc5 c6 10. Qxd4 Qf6 11. Rb1 b5 12. cxb6 a5 13. b7 Ra7 14. Qxa7 Qc3+ 15. Bd2 Qxc2 16. Rc1 Qxe4+ 17. Be2 0-0 18. 0-0 Qxe2 19. Bf4 Na6 20. b8Q Nxb8 21. Bxb8 Qe4 22. Qxd7 Nf6 23. Qb7 c5 24. Qxe4 Nxe4 25. Ba7 Rc8 26. Rfd1 h6 27. Ne5 f6 28. Nc4 Rc7 29. Bb6 Rb7 30. f3 Ng5 31. Rd8+ Kh7 32. Bxc5 Ne6 33. Rc8 Nf4 34. Kf1 Nd3 35. Rd1 Nf4 36. Be3 Ne6 37. Nxa5 Rb5 38. Nc4 g5 39. Rd6 Kg6 40. Rxe6 Rb1+ 41. Kf2 Kf7 42. Rcc6 Rd1 43. Bc5 Kg6 44. g4 Rd8 45. Rxf6+ Kg7 46. Ne5 Rd2+ 47. Ke3 Rd7 48. Rg6+ Kh8 49. Nxd7 h5 50. Bd4+ Kh7 51. Nf8# 1-0

[Event "Central America Carribean-ch U20"]
[Site "Couva"]
[Date "2019.12.13"]
[Round "1"]
[White "Ly Fook, Nicholas"]
[Black "Miller, Rachel"]
[Result "0-1"]
[WhiteElo "1335"]
[BlackElo "1961"]
[PlyCount "58"]
[EventDate "2019.12.13"]
[EventType "swiss"]
[EventRounds "9"]
[EventCountry "TRI"]
[SourceTitle "CBM 193 Extra"]
[Source "ChessBase"]
[SourceDate "2020.01.31"]
[SourceVersion "1"]
[SourceVersionDate "2020.01.31"]
[SourceQuality "1"]

1. e4 e5 2. Nf3 Nc6 3. Nc3 Nf6 4. d4 exd4 5. Nxd4 Bb4 6. Bg5 h6 7. Bxf6 Qxf6 8. Nde2 0-0 9. Qd2 Re8 10. a3 Bc5 11. f3 Ne5 12. 0-0-0 c6 13. h4 Nc4 14. Qf4 Be3+ 15. Qxe3 Nxe3 16. Rd3 Nxf1 17. g3 Nxg3 18. Nxg3 Qf4+ 19. Kb1 Qxg3 20. Ne2 Qg2 21. Rdd1 Qxe2 22. Rdg1 d5 23. Rh3 Bxh3 24. exd5 Bf5 25. Rc1 cxd5 26. h5 Rac8 27. b3 Rxc2 28. Rxc2 Qxc2+ 29. Ka1 Re1# 0-1